Financiación de la seguridad social
Este documento forma parte de una serie de manuales producidas por el Departamento de Seguridad Social de la Oficina Internacional del Trabajo (OIT), de Ginebra, en conjunto con el Centro Internacional de Formación de la OIT, con sede en Turín y la Asociación Internacional de la Seguridad Social en...
Αποθηκεύτηκε σε:
| Μορφή: | Κείμενο |
|---|---|
| Έκδοση: |
Ginebra:
OIT
|
| Θέματα: | |
| Ετικέτες: |
Προσθήκη ετικέτας
Δεν υπάρχουν, Καταχωρήστε ετικέτα πρώτοι!
|
MARC
| LEADER | 00000 a a2200000 04500 | ||
|---|---|---|---|
| 001 | 32604 | ||
| 003 | |||
| 040 | |||
| 020 | |a 92-2-310736-9 | ||
| 090 | |a 203100 | ||
| 245 | |a Financiación de la seguridad social | ||
| 260 | |a Ginebra: |b OIT | ||
| 300 | |a 127 p.; vol 3 | ||
| 520 | |a Este documento forma parte de una serie de manuales producidas por el Departamento de Seguridad Social de la Oficina Internacional del Trabajo (OIT), de Ginebra, en conjunto con el Centro Internacional de Formación de la OIT, con sede en Turín y la Asociación Internacional de la Seguridad Social en Ginebra. Este manual examina los principales elementos de la financiación de la seguridad social y también pone de relieve algunos de los desafíos y dificultades que en este contexto, se plantean a las instituciones de seguridad social | ||
| 650 | |a SEGURIDAD SOCIAL | ||
| 650 | |a ADMINISTRACION FINANCIERA | ||
| 650 | |a CAPACITACION POR MODULOS | ||
| 650 | |a BIENESTAR SOCIAL | ||
| 650 | |a CONDICIONES ECONOMICAS | ||
| 650 | |a SISTEMAS DE PREVISION SOCIAL | ||
| 650 | |a FINANCIAMIENTO | ||
| 650 | |a REDISTRIBUCION DEL INGRESO | ||
| 999 | |c 6761 |d 6761 | ||



